000 00234nam a2200097Ia 4500
005 20251222114414.0
008 251222s1900||||xx |||||||||||||| ||spa||
082 _aDVD0060/S47/2003
245 0 _aTodo poderoso:Bruce, Almighty
942 _cDVD
999 _c2170
_d2170